000 02032nam a2200277Ia 4500
999 _c51496
_d51496
001 18482
003 GE_BSU
005 20250306174751.0
008 181216s2016||||ge |||||||||||||| ||geo||
020 _a9789941242922
040 _cGE_BSU
041 _ageo
080 _a27-36 წ-71
245 _aწმინდა კოზმა მაიუელი ; არქიმანდრიტი იოანიკე (კოცონისი) - "ათონური პატერიკი" /
_cშემდგენელი კახაბერ კენკიშვილი ; გარეკანის დიზაინი რატი თორდია.
264 _aთბილისი :
_bპალიტრა L,
_c2016.
300 _a197გვ. ;
_c20 სმ.
490 _aსაქართველოს იმედი II : ყველა წმინდანი, რომელთა შესახებაც უნდა იცოდე, 2298-0547 / პროექტის რედაქტორი თამარ მამაცაშვილი ;
_vწ. 47
500 _aიბეჭდება სრულიად საქართველოს კათოლიკოს-პატრიარქის უწმინდესისა და უნეტარესის ილია II-ის ლოცვა-კურთხევით
653 _aრელიგია
653 _aწმინდა კოზმა მაიუელი
653 _aარქიმანდრიტი იოანიკე(კოცონისი)- "ათონური პატერიკი
700 _aკენკებაშვილი, კახაბერ
_eშემდგენელი
_924479
700 _aმამაცაშვილი, თამარ
_eპროექტის რედაქტორი
_924480
700 _aთორდია, რატი
_eგარეკანის დიზაინერი
_917902
942 _cBK
_2udc